Geography Quiz

Random Geography or Book Quiz

Geography Books: The Subtitles Quiz Stats

Quiz Updated Jan 3, 2016

Challenge
Share
Tweet
Embed
Score 0/15 Timer 04:00
0 Plays Today
% Correct
The World of Gerard Mercator
75%
Cadillac Desert
66.7%
The Geography of Bliss
64.5%
The Lost City of Z
61.5%
Our Dumb World
61.2%
Full Circle
60.7%
Collapse
59.5%
Blank Spots on the Map
59.1%
% Correct
The Travel Book
54.8%
Atlantic
54.4%
The Discovery of France
49.4%
Maps of the Ancient Sea Kings
42.1%
From Squaw Tit to Whorehouse Meadow
39.5%
Maphead
37.9%
Longitude
33.1%

You're not logged in!

Compare scores with friends on all Sporcle quizzes.
Join for Free
OR
Log In

You Might Also Like...

Show Comments

Extras

Top Quizzes Today


Score Distribution

Your Account Isn't Verified!

In order to create a playlist on Sporcle, you need to verify the email address you used during registration. Go to your Sporcle Settings to finish the process.

Report this User

Report this user for behavior that violates our Community Guidelines.

Details: